|
|
|
|
| LEADER |
01163nam a2200265 a 4500 |
| 001 |
872504 |
| 008 |
100125s1991 enk 0 eng d |
| 020 |
|
|
|a 0855981261 (pbk)
|
| 020 |
|
|
|a 0855981253 (cased)
|
| 040 |
|
|
|a Uk
|c Uk
|d DB-DhAAL
|
| 082 |
0 |
4 |
|a 300.723
|2 20
|
| 100 |
1 |
|
|a Nichols, Paul
|
| 245 |
1 |
0 |
|a Social survey methods :
|b a fieldguide for development workers /
|c Paul Nichols
|
| 260 |
|
0 |
|a Oxford :
|b Oxfam Publications,
|c 1991
|
| 300 |
|
|
|a 131 p. :
|b ill ;
|c 21cm
|
| 490 |
|
0 |
|a Development guidelines ;
|v v.6
|
| 504 |
|
|
|a Includes bibliography
|
| 541 |
1 |
|
|e 00005732
|
| 653 |
|
|
|a Developing countries
|a Social conditions
|a Surveys
|
| 650 |
|
0 |
|a Social surveys
|x Methodology
|
| 650 |
|
0 |
|a Social sciences
|x Research
|z Developing countries
|
| 852 |
4 |
|
|a Ayesha Abed Library
|j General Shelf.
|
| 999 |
|
|
|c 7176
|d 7176
|
| 952 |
|
|
|0 0
|1 0
|2 ddc
|4 0
|6 300_723000000000000_NIC_1991
|7 0
|9 7463
|a BRACUL
|b BRACUL
|c GEN
|d 2010-01-25
|g 2744.50
|l 0
|o 300.723 NIC
|p 3010005732
|r 2010-01-25
|t 1
|w 2010-01-25
|y BK
|
| 952 |
|
|
|0 0
|1 0
|2 ddc
|4 0
|6 300_723000000000000_NIC
|7 0
|9 20609
|a BRACUL
|b BRACUL
|c GEN
|d 2012-07-03
|g 2744.50
|l 1
|o 300.723 NIC
|p 3010005731
|r 2022-11-01
|s 2022-10-18
|t 2
|w 2012-07-03
|y BK
|